03156pam a2200385 i 4500001001900000003000600019005001700025008004100042015001900083016001800102020004500120020003200165020003300197035002100230035002600251035001800277040004200295041001200337042001100349100003800360245008200398250001900480264003900499300006300538500004600601500002200647504005100669505087400720520099001594650002902584650004302613942000802656952009102664999001502755990227879710107026UkOxU20260310143823.0210914s2022 njua b 001|0|eng|d aGBC1G14662bnb7 a0203404382Uk a9781292331362qprintqpaperbackcĐ45.99 z9781292331348qPDFcĐ45.99 z9781292331379qePubcĐ45.99 a(UkOxU)022787971 a(UkOxU)022787971BIB01 a(Uk)020340438 aStDuBDSbengerdacStDuBDSdUkdUkOxU aEnglish aukblsr aMcGivern, Yvonne,eauthor.92686014aThe practice of market research b: from data to insight c/ Yvonne McGivern. aFifth edition. 1aHarlow, England :bPearson,c2022. axxv, 640 pages :billustrations (black and white) ;c25 cm aPrevious edition: Harlow : Pearson, 2013. aFormerly CIP.5Uk aIncludes bibliographical references and index. aPart 1 — Introducing market and social research — Research, data and insight — The practice of market and social research — Types of data and research — Part 2 — Planning and designing research — Business problem and research problem — Research design — Writing a research brief — Writing a research proposal — Part 3 — Secondary or existing data — Sources of existing data — Evaluating existing data — Part 4 — Qualitative research — Qualitative research methods — Doing qualitative research — Analysing qualitative data — Part 5 — Quantitative research — Methods of data collection — Sampling — Designing questionnaires — Understanding data — Analysing quantitative data — Data mining and data analytics — Part 6 — Bringing it all together: Managing and reviewing a project — Communicating the finding. aThe Practice of Market Research: From Data to Insight, 5th edition, by McGivern offers a thorough introduction to the practice of market and social research. It is structured around the research process – from defining the problem to be researched to communicating the insight which the research produces. An ideal companion for a market research student or anyone doing a research project, the book takes you through data analytics and data mining in a market research context, in addition to explaining the ethical, legal and regulatory context in which research operates. The ‘Industry Insights’ draw real-world examples from successful market research projects in companies such as Formula One, BBC, IBM, PayPal, Twinings and Volvo. There are also examples of research on social issues including the COVID-19 pandemic, anti-social behaviour, HIV/AIDS, cancer support and many more. The new edition supports the MRS Advanced Certificate in Market and Social Research Practice. 0aMarketing research91465 0aMarketing research xMethodology98379 2lcc 00102lcc4070aTBSbTBSd2026-03-10l0r2026-03-10t1w2026-03-10y1zSOON AVAILABLE c5407d5407